| 000 | 00523nam a2200169Ia 4500 | ||
|---|---|---|---|
| 008 | 231221s9999 xx 000 0 und d | ||
| 020 | _a9790000000000 | ||
| 041 | _aEnglish | ||
| 082 | _a001.64404 GOD;1 | ||
| 100 | _aGodbole, Nina. | ||
| 245 | 0 | _aInformation systems security : security management, metrics, framworks and best practices | |
| 260 |
_c2009 _bJohn wiley and Sons _aNew Delhi |
||
| 300 | _axLiv, 961 | ||
| 300 | _c57648 | ||
| 650 | _aInformation,management,,metrics,,framworks,practices | ||
| 942 | _cCD | ||
| 999 |
_c210449 _d210449 |
||